00491 2200193 4500001002100000005001500021035002000036007000300056008004100059020002200100082000800122084001400130100001000144245006900154260002600223300001700249650001200266856001900278INLIS00000000000817120260127104454 a0010-0126000168ta260127 0 ind  a978-623-203-043-5 a615 a615 RON p0 aRONNY1 aPEDOMAN PENGGUNAAN TIKUS SEBAGAI HEWAN UJI LABORATORIUM /cRONNY aJAKARTA :bEGC,c2022 a119 ;c25 cm 4aFARMASI aALUMNI FARMASI